[Event "Bad Zwischenahn"]
[Site "SenWM Damen"]
[Date "2008.11.06"]
[Round "9.2"]
[White "Vilerte, Tamara"]
[Black "Miednikova, Svetlana"]
[Result "1-0"]
[WhiteElo "2208"]
[BlackElo "2158"]
[PlyCount "115"]
[EventDate "2008.??.??"]
[WhiteTeam "Kuldiga"]

1. d4 e6 2. Nf3 f5 3. Bg5 Nf6 4. Nbd2 Be7 5. Bxf6 Bxf6 6. e4 d6 7. c3 O-O 8.
Qb3 Kh8 9. O-O-O d5 10. e5 Be7 11. h4 c5 12. Qc2 Nc6 13. dxc5 Qc7 14. Re1 a5
15. Bb5 Bxc5 16. Nb3 Be7 17. Nbd4 Nxd4 18. Nxd4 Bd7 19. a4 Bc5 20. Bxd7 Qxd7
21. Nb5 Rac8 22. Kb1 Qc6 23. f4 Qb6 24. Qd3 Be7 25. b3 Bc5 26. Rd1 Rc6 27. g3
Bf2 28. Rh2 Bc5 29. h5 h6 30. Rg2 Rcc8 31. Rf1 Qd8 32. Qf3 Qe7 33. Rd1 Rcd8 34.
Rd3 Rd7 35. Rgd2 Rfd8 36. Kb2 Qf7 37. Qd1 Qe7 38. Qh1 Qf7 39. Qf3 Qe7 40. Qd1
Kh7 41. c4 Bb4 42. cxd5 Bxd2 43. d6 Qf7 44. Rxd2 g6 45. hxg6+ Qxg6 46. Nc7 Rc8
47. Rc2 Qf7 48. Qc1 Rg8 49. Rc3 h5 50. Qh1 Rg4 51. Qxb7 h4 52. Qh1 Kg7 53. gxh4
Rxf4 54. Na6 Rf2+ 55. Ka3 Kh6 56. Nc5 Ra7 57. Qc1+ Kh5 58. Qg5# 1-0

[Event "Bad Zwischenahn"]
[Site "SenWM Damen"]
[Date "2008.11.06"]
[Round "9.4"]
[White "Fomina, Tatyana"]
[Black "Voronova, Tatjana"]
[Result "1-0"]
[WhiteElo "2214"]
[BlackElo "2229"]
[PlyCount "99"]
[EventDate "2008.??.??"]
[WhiteTeam "Tallinn"]

1. e4 e6 2. Nf3 d5 3. e5 c5 4. b4 cxb4 5. d4 Nc6 6. a3 Nh6 7. axb4 Bxb4+ 8. c3
Be7 9. h4 Ng4 10. Bb5 Qb6 11. Qd3 Bd7 12. Ba4 h5 13. O-O Na5 14. Bxd7+ Kxd7 15.
Ba3 a6 16. Nbd2 Qc7 17. Ng5 Nh6 18. Bd6 Qd8 19. Bxe7 Kxe7 20. c4 Nxc4 21. Nxc4
dxc4 22. Qxc4 Kf8 23. Rfc1 g6 24. Qb4+ Kg7 25. Qxb7 Qe8 26. Rc7 Rf8 27. Re7 Qc8
28. Nxe6+ Kg8 29. Nxf8 Qxf8 30. Rc1 Nf5 31. Rec7 Re8 32. Rc8 Kg7 33. Qxa6 Nxd4
34. Rxe8 Qxe8 35. Qf6+ Kg8 36. Rd1 Ne6 37. Rd6 Kh7 38. g3 Kg8 39. Ra6 Nf8 40.
Ra7 Nh7 41. Qd6 Qc8 42. Rc7 Qf5 43. Re7 Qb1+ 44. Kh2 Qf5 45. Qc5 g5 46. Re8+
Kg7 47. Qd4 Kh6 48. Rg8 Qe6 49. Qd6 gxh4 50. Qxe6+ 1-0

[Event "Bad Zwischenahn"]
[Site "SenWM Damen"]
[Date "2008.11.06"]
[Round "9.3"]
[White "Saunina, Ludmilla"]
[Black "Epstein, Esther"]
[Result "1/2-1/2"]
[WhiteElo "2298"]
[BlackElo "2159"]
[PlyCount "57"]
[EventDate "2008.??.??"]

1. e4 c5 2. Nf3 e6 3. d4 cxd4 4. Nxd4 a6 5. Bd3 Ne7 6. O-O Nbc6 7. Nf3 d5 8. c4
dxe4 9. Bxe4 Qxd1 10. Rxd1 f5 11. Bc2 e5 12. Nc3 e4 13. Nd4 Nxd4 14. Rxd4 Nc6
15. Rd1 Bc5 16. Nd5 O-O 17. Be3 Bxe3 18. fxe3 Rb8 19. b4 Be6 20. a3 Ne5 21. Bb3
g5 22. Rd4 Kg7 23. Rf1 Rf7 24. h3 Rbf8 25. Rfd1 Nc6 26. R4d2 Ne5 27. Rd4 Nc6
28. R4d2 Ne5 29. Rd4 1/2-1/2

[Event "SenWM Damen"]
[Site "Bad Zwischenahn"]
[Date "2008.11.07"]
[Round "10"]
[White "Miednikova, Svetlana"]
[Black "Kabanova, Irina"]
[Result "*"]
[WhiteElo "2158"]
[BlackElo "2032"]
[PlyCount "54"]
[EventDate "2008.??.??"]

1. e4 c5 2. Nf3 e6 3. c3 d5 4. exd5 Qxd5 5. Na3 Nf6 6. d4 cxd4 7. Nb5 Na6 8.
cxd4 Bb4+ 9. Nc3 Bd7 10. Bd2 Bxc3 11. bxc3 O-O 12. Bd3 Bb5 13. Qe2 Bxd3 14.
Qxd3 Qe4+ 15. Qxe4 Nxe4 16. Ke2 Rfd8 17. Rhd1 Nxd2 18. Rxd2 Rac8 19. Rc1 b6 20.
Rb2 Nb8 21. c4 Nc6 22. Ke3 f6 23. Rcc2 Rd7 24. c5 bxc5 25. Rxc5 Ne7 26. Rxc8+
Nxc8 27. Rb8 Rc7 *

[Event "SenWM Damen"]
[Site "Bad Zwischenahn"]
[Date "2008.11.07"]
[Round "10"]
[White "Epstein, Esther"]
[Black "Fatalibekova, Elena"]
[Result "1-0"]
[WhiteElo "2159"]
[BlackElo "2283"]
[PlyCount "49"]
[EventDate "2008.??.??"]

1. e4 c5 2. Nf3 d6 3. d4 cxd4 4. Nxd4 Nf6 5. Nc3 Nc6 6. f4 e6 7. Be3 a6 8. Qf3
Qc7 9. O-O-O Nxd4 10. Bxd4 Be7 11. f5 O-O 12. g4 Nd7 13. h4 Ne5 14. Qg3 b5 15.
a3 Rb8 16. g5 exf5 17. Nd5 Qb7 18. Bxe5 dxe5 19. Qxe5 Bd8 20. exf5 f6 21. gxf6
Bxf6 22. Nxf6+ gxf6 23. Rg1+ Kf7 24. Qf4 Qb6 25. Be2 1-0

[Event "SenWM Damen"]
[Site "Bad Zwischenahn"]
[Date "2008.11.07"]
[Round "10.2"]
[White "Erenska-Barlo, Hanna"]
[Black "Strutinskaya, Galina"]
[Result "*"]
[WhiteElo "2271"]
[BlackElo "2282"]
[PlyCount "41"]
[EventDate "2008.??.??"]
[WhiteTeam "SK Zehlendorf"]

1. e4 c5 2. Nf3 d6 3. Bb5+ Nd7 4. c3 Ngf6 5. Qe2 a6 6. Ba4 Qa5 7. Bc2 Ne5 8. h3
Bd7 9. O-O Rc8 10. d3 e6 11. Nh2 Be7 12. f4 Nc6 13. e5 Nd5 14. Nd2 Qc7 15. Ndf3
O-O 16. a3 f6 17. exf6 Rxf6 18. Ng4 Rf7 19. Qe4 Nf6 20. Nxf6+ gxf6 21. f5 *

[Event "SenWM Damen"]
[Site "Bad Zwischenahn"]
[Date "2008.11.07"]
[Round "10"]
[White "Voronova, Tatjana"]
[Black "Dragasevic, Antonina"]
[Result "1/2-1/2"]
[WhiteElo "2229"]
[BlackElo "2164"]
[PlyCount "35"]
[EventDate "2008.??.??"]

1. e4 c5 2. c3 d6 3. d4 cxd4 4. cxd4 g6 5. h3 Bg7 6. Nf3 Nf6 7. Nc3 O-O 8. Bd3
Nc6 9. d5 Nb4 10. O-O Nd7 11. Bb1 a5 12. Be3 Na6 13. Bd4 Bxd4 14. Nxd4 Nac5 15.
Bd3 Qb6 16. Bb5 Nf6 17. Re1 Bd7 18. Bxd7 1/2-1/2